| 000 | 01503nam0a2200337 4500 | ||
|---|---|---|---|
| 001 | RU\NLR\bibl\1481088 | ||
| 005 | 20250616005601.0 | ||
| 010 |
_a978-5-98079-579-5 _9500 |
||
| 021 |
_aRU _b2010-10360 _9683 |
||
| 035 | _a(NLR Aleph) 001472734 | ||
| 090 |
_a1653911 _c1653911 |
||
| 100 | _a20100305d2010 |||y0rusy50 ca | ||
| 101 | 0 | _arus | |
| 102 | _aRU | ||
| 105 | _aa ||||||||| | ||
| 200 | 1 |
_aРазвитие налоговой конкуренции в Российской Федерации _fМ.Р. Пинская _gФедерал. гос. образоват. учреждение высш. проф. образования "Фин. акад. при Правительстве Рос. Федерации" |
|
| 210 |
_aМосква _cСоциум _d2010 (т.е. 2009) |
||
| 215 |
_a140,[2] с. _cил. _d21 |
||
| 300 | _aНа 4-й с. обл. авт.: Пинская М.Р. - к.э.н., доц. | ||
| 300 | _aКн. фактически издана в 2009 г. | ||
| 320 | _aБиблиогр.: с. 139-141 и в подстроч. прим. | ||
| 606 | 1 |
_aНалоговое обложение _yРоссийская Федерация _92081365 _3RU\NLR\auth\661257343 |
|
| 686 | _aУ26(2)141.3 | ||
| 700 | 1 |
_4070 _7ca _8rus _aПинская _bМ. Р. _gМиляуша Рашитовна _9163928 _3RU\NLR\AUTH\770163972 |
|
| 801 | 0 |
_aRU _bNLR _c20100305 _gRCR |
|
| 801 | 1 |
_aRU _bNLR _c20100305 |
|
| 830 | _aавт. по кн. | ||
| 942 | _cBOOK | ||
| 980 | _aNB | ||